000 00683nam a2200253Ia 4500
005 20260306145439.0
008 008 260114s9999 xx 000 0 eng d
020 _a9781438488295
037 _aEbook
040 _aCRL
040 _beng
040 _cCRL
041 _2eng
041 _aeng
084 _qCRL
100 _aMoraga, CherrĂ­e L.;AnzaldĂșa, Gloria E.
_91123744
245 0 _aThis bridge called my back : writings by radical women of color, fortieth anniversary edition
260 _bSuny Press
260 _c2022
650 _aSocial Sciences
856 _uhttps://www.degruyter.com/isbn/9781438488295
942 _cEBOOK
999 _c1688578
_d1688578